<?xml version="1.0" encoding="UTF-8"?>
<collection xmlns="http://www.loc.gov/MARC21/slim">
 <record>
  <leader>02054cam a2200325 7i4500</leader>
  <controlfield tag="001">0000125064</controlfield>
  <controlfield tag="005">20160316090000.0</controlfield>
  <controlfield tag="008">151020s2012    caucg   v         d engv  </controlfield>
  <datafield tag="090" ind1="0" ind2="0">
   <subfield code="a">PN 1995.9 .B55 </subfield>
   <subfield code="b">A9 2012</subfield>
  </datafield>
  <datafield tag="245" ind1="0" ind2="4">
   <subfield code="a">The aviator  </subfield>
   <subfield code="c">Warner Bros. Pictures  andMiramax Films ... [et al.] ; produced by Sandy Climan.</subfield>
  </datafield>
  <datafield tag="260" ind1="0" ind2="0">
   <subfield code="a">Burbank, CA: </subfield>
   <subfield code="b">Warner Home Video, </subfield>
   <subfield code="c">[2012.</subfield>
  </datafield>
  <datafield tag="300" ind1=" " ind2=" ">
   <subfield code="a">1 videodisc (162 min.): </subfield>
   <subfield code="b">sd., col.; </subfield>
   <subfield code="c">4 3/4 in..</subfield>
  </datafield>
  <datafield tag="508" ind1=" " ind2=" ">
   <subfield code="a">Director of photography, Robert Richardson ; editor, Thelma Schoonmaker  ; music, Howard Shore ; costume designer, Sandy Powell ; production designer, Dante Ferretti ; visual effects supervisor, Rob Legato ; special effects supervisor, R. Bruce Steinheimer</subfield>
  </datafield>
  <datafield tag="511" ind1="0" ind2="0">
   <subfield code="a">Leonardo DiCaprio, Cate Blanchett, Kate Beckinsale, John C. Reilly, Alec Baldwin, Alan Alda, Jude Law</subfield>
  </datafield>
  <datafield tag="520" ind1="0" ind2="0">
   <subfield code="a">Follows the life of Howard Hughes as the twentysomething millionaire, having already made a fortune improving the design of oil-drilling bits, who comes to Hollywood with an interest in getting into the picture business</subfield>
  </datafield>
  <datafield tag="521" ind1="0" ind2="0">
   <subfield code="a">MPAA rating: Rated PG-13; for thematic elements, sexual content, nudity, language and a crash sequence; Canadian rating: PG</subfield>
  </datafield>
  <datafield tag="538" ind1="0" ind2="0">
   <subfield code="a">DVD; Region 1; 5.1 Dolby digital surround, Dolby surround stereo; widescreen format preserving the aspect ratio of the original theatrical exhibition, 2.35:1; enhanced for widescreen televisions</subfield>
  </datafield>
  <datafield tag="546" ind1="0" ind2="0">
   <subfield code="a">In English or dubbed French, with English, French or &#13;
Spanish subtitles</subfield>
  </datafield>
  <datafield tag="590" ind1=" " ind2=" ">
   <subfield code="a">Perpustakaan Sultanah Nur Zahirah</subfield>
  </datafield>
  <datafield tag="650" ind1="0" ind2="0">
   <subfield code="a">Motion picture producers and directors -- </subfield>
   <subfield code="z">United States </subfield>
  </datafield>
  <datafield tag="650" ind1="0" ind2="0">
   <subfield code="a">Air pilots </subfield>
  </datafield>
  <datafield tag="650" ind1="0" ind2="0">
   <subfield code="a">Man-woman relationships </subfield>
  </datafield>
  <datafield tag="650" ind1="0" ind2="0">
   <subfield code="a">Test pilots -- </subfield>
   <subfield code="z">United States </subfield>
  </datafield>
  <datafield tag="700" ind1="1" ind2="1">
   <subfield code="a">Scorsese, Martin </subfield>
  </datafield>
  <datafield tag="700" ind1="1" ind2="1">
   <subfield code="a">DiCaprio, Leonardo </subfield>
  </datafield>
  <datafield tag="700" ind1="1" ind2="1">
   <subfield code="a">Blanchett, Cate,(</subfield>
   <subfield code="d">1969-) </subfield>
  </datafield>
  <datafield tag="700" ind1="1" ind2="1">
   <subfield code="a">Logan, John,(</subfield>
   <subfield code="d">1961-) </subfield>
  </datafield>
  <datafield tag="710" ind1="2" ind2="1">
   <subfield code="a">Warner Bros. Pictures (1969- ) </subfield>
  </datafield>
  <datafield tag="710" ind1="2" ind2="1">
   <subfield code="a">Warner Home Video (Firm) </subfield>
  </datafield>
  <datafield tag="999" ind1=" " ind2=" ">
   <subfield code="a">1100095435</subfield>
   <subfield code="b">Digital Video Disc</subfield>
   <subfield code="c">Bahan Sumber Media</subfield>
   <subfield code="e">BILIK BAHAN SUMBER MEDIA</subfield>
  </datafield>
 </record>
</collection>
